Music Quiz

Random Music or Bands Quiz

Music Group by Member Quiz Stats

 Plays Quiz not verified by Sporcle

Also try: Pick My Album 'R'
Challenge
Share
Tweet
Embed
Score 0/20 Timer 04:00
0 Plays Today
Member Group/Band % Correct
George HarrisonThe Beatles
100%
Mick JaggerThe Rolling Stones
99%
Kurt CobainNirvana
97%
Steven TylerAerosmith
94.1%
Jim MorrisonThe Doors
91.1%
Roger DaltreyThe Who
88.1%
Robert Plant Led Zeppelin
85.1%
Roger WatersPink Floyd
84.2%
Brian WilsonThe Beach Boys
77.2%
John FogertyCreedence Clearwater Revival
69.3%
Member Group/Band % Correct
Steve PerryJourney
65.3%
Bob WeirGrateful Dead
33.7%
Tom ScholzBoston
29.7%
Davy JonesThe Monkeeys
13.9%
Roger HodgsonSupertramp
11.9%
Brian ConnollySweet
9.9%
Tom JohnstonThe Doobie Brothers
9.9%
Robert LammChicago
8.9%
Danny HuttonThree Dog Night
8.9%
Gerry BeckleyAmerica
5.9%

You're not logged in!

Compare scores with friends on all Sporcle quizzes.
OR
Log In

You Might Also Like...

Show Comments

Extras

Created Feb 24, 2011ReportNominate
Tags:Bands Quiz, group

Top Quizzes Today


Score Distribution

Your Account Isn't Verified!

In order to create a playlist on Sporcle, you need to verify the email address you used during registration. Go to your Sporcle Settings to finish the process.

Report this User

Report this user for behavior that violates our Community Guidelines.

Details: